000 00732nam a2200181 i 4500
001 69021
003 ES-MaACL
005 20250531063027.0
007 t|
008 040827s1958 sp ||||1| spa d
100 1 _aJiménez de Gregorio, Fernando,
_d1911-2012
_966505
245 1 0 _aNotas a un viaje por la cuenca del Ebro /
_cdiscurso leído por... Fernando Jiménez de Gregorio en la apertura del año académico 1958-59 en el... Instituto Nacional de Enseñanza Media de Toledo.
260 _a[Toledo :
_bs.n.,
_c1958] (
_fImp. Rafael Gómez Menor)
300 _a55 p. ;
_c24 cm.
710 2 _aInstituto Nacional de Enseñanza Media (Toledo)
_95160
852 _aES-MaACL
_j2006-F-17
_bR.42699
999 _c69021
_d69021